Elektronické trhovisko v praxi z hľadiska verejného obstarávateľa

Pojem, prínosy a výhody ekektronického trhoviska.

Salvato in:
Dettagli Bibliografici
Autore principale: Ulaher, Jakub
Natura: Capitolo di libro
Lingua:slovacco
Soggetti:
Tags: Aggiungi Tag
Nessun Tag, puoi essere il primo ad aggiungerne!!

MARC

LEADER 00000naa a2200000 4500
001 0228137
005 20170313100617.3
041 0 |a slo 
044 |a SK 
245 1 0 |a Elektronické trhovisko v praxi z hľadiska verejného obstarávateľa  |c Jakub Ulaher 
520 |a Pojem, prínosy a výhody ekektronického trhoviska. 
610 2 0 |a obstarávanie verejné 
610 2 0 |a transparentnosť 
610 2 0 |a trh elektronický 
610 2 0 |a objednávky 
610 2 0 |a obstarávanie elektronické 
100 1 |a Ulaher, Jakub